000 00321nam a22001337a 4500
999 _c534349
_d534349
040 _cMSOHAIL
082 _a891.4391
100 _aMuhammad Shamsul Haq
_928486
245 _aPaimana-e-Ghazal: Vol - 1
250 _aVol-1
260 _aIslamabad
_bNational Book Foundation
_cc2008
300 _a440;pxv
942 _2ddc
_cBK